000 00305nam a2200133Ia 4500
100 _aAhmad/ S.A. ed
942 _cBK
654 _aatomic
245 _aAtomic Molecular and Cluster Physics
260 _bNarosa Pub House
_aNew Delhi
_c1997
082 _a539.6
_bAHM
300 _a411
546 _aENGLISH
999 _c32432
_d32432